000 00649nam a2200193Ii 4500
003 JO-AjNU
008 230605s9999||||xx |||||||||||||| ||und||
040 _aJO-AjNU
_bara
_erda
_cJO-AjNU
041 _aara
050 1 4 _aR852 2000
100 3 _aنصر، فتحي سيد,
_eauthor
_938613
245 0 0 _aالعلاج بالليزر
264 3 1 _a القاهرة:الهيئة المصرية العامة للكتاب ، 2000
300 _a205ص
_bسلسلة العلم والحياة
336 _atext
_btxt
_2rdacontent
337 _aunmediated
_bn
_2rdamedia
338 _avolume
_bnc
_2rdacarrier
650 4 _aالعلاج بالليزر
_938614
999 _aA16237
_c19805
_d19805